The value of the remuneration of high civil servants in Britain in the 20th century and its implications (Record no. 80212)

000 -LEADER
fixed length control field 01298pab a2200169 454500
008 - FIXED-LENGTH DATA ELEMENTS--GENERAL INFORMATION
fixed length control field 180718b2008 xxu||||| |||| 00| 0 eng d
100 ## - MAIN ENTRY--PERSONAL NAME
Personal name Rimington, John D.
245 ## - TITLE STATEMENT
Title The value of the remuneration of high civil servants in Britain in the 20th century and its implications
260 ## - PUBLICATION, DISTRIBUTION, ETC.
Date of publication, distribution, etc. 2008
300 ## - PHYSICAL DESCRIPTION
Extent p.1107-127.
520 ## - SUMMARY, ETC.
Summary, etc. The article traces a large real and comparative decline in the rewards of high civil servants in Great Britain over the 20th century, accelerating since about 1970. It relates this to developments in the market for `high quality' graduates and to changes in public and governmental attitudes which have affected the size, organization and role of the civil service. It discusses possible causes of the decline in top rewards in terms of three explanatory approaches suggested by social scientists - the `institutional', the `cultural', and the views of the `Chicago School'. Finally, following an examination of changes in the way senior British civil servants are now recruited and remunerated, it considers possible outcomes in terms of effects on the part they can play in the governmental process. - Reproduced.
650 ## - SUBJECT ADDED ENTRY--TOPICAL TERM
Topical term or geographic name entry element Civil service - Great Britain
650 ## - SUBJECT ADDED ENTRY--TOPICAL TERM
Topical term or geographic name entry element Civil service
773 ## - HOST ITEM ENTRY
Main entry heading Public Administration
908 ## - PUT COMMAND PARAMETER (RLIN)
Put command parameter N
909 ## -
-- 80212
Holdings
Withdrawn status Lost status Damaged status Not for loan Permanent Location Current Location Date acquired Serial Enumeration / chronology Barcode Date last seen Price effective from Koha item type
        Indian Institute of Public Administration Indian Institute of Public Administration 2018-07-19 Volume no: 86, Issue no: 4 AR80672 2018-07-19 2018-07-19 Articles

Powered by Koha